000 00535nam a2200181Ia 4500
008 090124s9999 xx 000 0 und d
082 _b24900
100 _aबेडेकर विश्राम
245 _a रणांगण
250 _a5
260 _bदेशमुख आणि कंपनी
_c1978
300 _a114
600 _aबेडेकर विश्राम
630 _a रणांगण
700 _aबेडेकर विश्राम
730 _a रणांगण
942 _cBOOK
999 _c93298
_d93298